Countries Closest to Andorra - 15 Second Sprint - Statistics

General Stats
  • This quiz has been taken 80 times
  • The average score is 6 of 20
Answer Stats
km country miles % Correct
0 France 0
93%
0 Spain 0
92%
637 Portugal 396
61%
485 Italy 301
56%
904 United Kingdom 562
48%
718 Germany 446
43%
474 Monaco 294
39%
515 Switzerland 320
36%
821 Belgium 510
34%
956 Netherlands 594
30%
867 Morocco 539
20%
832 Luxembourg 517
18%
793 Austria 493
15%
637 Algeria 396
13%
873 San Marino 542
13%
880 Vatican City 547
11%
856 Tunisia 532
8%
784 Liechtenstein 487
7%
988 Croatia 614
2%
996 Slovenia 619
2%
No matching quizzes found
Score Distribution
Percent of People with Each Score
Percentile by Number Answered
Your Score History
You have not taken this quiz